Formal logic /

Guardado en:
Autor Principal: Lorenzen, Paul, 1915-1994.
Formato: Libro
Idioma:English
German
Publicado: Dordrecht : Reidel, 1965.
Series:Synthese library
Etiquetas: Agregar Etiqueta
Sin Etiquetas, Sea el primero en etiquetar este registro!
LEADER 00725nam a22002055a 4500
001 MAT.inmabb002325
008 040324s1965####ne#######b####001#0#eng#d
005 20130314101856.0
245 1 0 |a Formal logic /  |c Paul Lorenzen ; translated from the German by Frederick J. Crosson. 
260 |a Dordrecht :  |b Reidel,  |c 1965. 
300 |a viii, 123 p. ;  |c 23 cm. 
440 0 |a Synthese library 
500 |a Traducción de: Formale Logik. Berlin : Walter de Gruyter, 1958. 
504 |a Bibliografía: p. 117-118. 
510 4 |a MR,  |c 21 #645  |3 (de la versión original) 
100 1 |a Lorenzen, Paul,  |d 1915-1994. 
240 1 0 |a Formale Logik.  |l Inglés 
084 |a 03B10  |2 msc2000 
041 1 |a eng  |h ger 
859 |h 03  |i L869fi  |p A-4000  |b BIB. MATEMATICA